Państwa, których nazwy zaczynają się na Saint - Statystyki

Ogólne statystyki
  • Ten quiz został rozwiązany 6 300 razy
  • Średni wynik to 4 z 5
Statystyki odpowiedzi
Państwo % Poprawnych
Saint Lucia
94%
Saint Vincent i Grenadyny
87%
Saint Kitts i Nevis
84%
Wyspy {Świętego Tomasza i Książeca}
69%
San Marino
39%
Nie znaleziono quizów pasujących do podanych kryteriów
Rozkład punktacji
Procent ludzi z każdym wynikiem
Percentyl według liczby udzielonych odpowiedzi
Twoja historia wyników
Nie rozwiązałeś tego quizu